Oberačka hrozien : (Vinobranie.)

Bibliographic Details
Main Author: Břet., Čech (Author)
Format: Article
Language:Slovak

MARC

LEADER 00000nab a2200000 a 4500
001 vtls011120581
003 SK-MaSNL
005 20260303145510.0
008 230222|1950 xo |||||||||||||||||slo|
015 |a SNBRB 
035 |a (uuid)997b41ba-8f0c-45af-bbe4-0a39c78a046c 
035 |a (urnnbn)urn:nbn:sk:snk:ar-a08pzr 
035 |a urn:nbn:sk:snk-ab9rfl 
040 |a SNKBUCL  |b slo  |c SNKBUCL  |e AACR2 
041 0 |a slo 
044 |a xo  |c SK 
100 1 |a Břet., Čech  |4 aut  |9 1168012 
245 1 0 |a Oberačka hrozien :  |b (Vinobranie.)  |c Břet. Čech 
773 0 |t Slovenský ovocinár a vinohradník : odborný časopis pre povznesenie ovocinárstva, vinohradníctva a záhradníctva.  |g Roč. 2, č. 9 (1950), s. 137-139 
954 |a odborná, vedecká literatúra pôvodná (slovenská)  |2 lita 
958 |a OND 
958 |a EUIPO 
958 |a article13 
999 |c 2003458  |d 2005388